| 000 | 00351cam a2200145ua 4500 | ||
|---|---|---|---|
| 041 |
_amal _h |
||
| 082 |
_a894.8124 _bKOV/NJ |
||
| 100 | _aKovoor, E M . | ||
| 245 |
_aNjankanda E V / _cE M Kovoor. _hTextual Documents |
||
| 260 |
_aKollam : _bS. T. Reddyar and Sons , _c1967. |
||
| 300 | _a132 ; . | ||
| 504 | _a | ||
| 942 | _cBK | ||
| 999 |
_c4911 _d4911 |
||